Are you a true Friends Fan quiz - Statistics

General Stats
  • This quiz has been taken 35 times
  • The average score is 7 of 9
Answer Stats
Hint Answer % Correct
what instrument does Phoebe? guitar
100%
How many kids does Ross have? 2
94%
what is Rachel's last name? green
91%
What famous show is Joey on? days of our lives
88%
What was Ross's second wife's name emily
84%
Monica broke Ross's nose at what sport? football
78%
Chandler has a fear of what animal? dog
75%
What is the name of the cop Phoebe dated? gary
56%
where is the cast first seen all together. coffee house
28%
No matching quizzes found
Score Distribution
Percent of People with Each Score
Percentile by Number Answered
Your Score History
You have not taken this quiz